|
|
|
|
| LEADER |
00000nas a22000007a 4500 |
| 005 |
20170406112458.0 |
| 007 |
cr|||| |||| |
| 008 |
170406c20099999ar fr||s||||| 0||| 1spa d |
| 035 |
|
|
|a 14756
|
| 040 |
|
|
|a vLex
|
| 090 |
|
|
|c 6630
|d 6630
|
| 245 |
0 |
0 |
|a Futuros Abogados Latinoamericanos
|h [Recurso electrn̤ico]
|
| 256 |
|
|
|a Servicio en ln̕ea
|
| 260 |
|
|
|a Buenos Aires:
|b Futuros Abogados Latinoamericanos,
|c 2009 -
|
| 300 |
|
|
|a 1 recurso electrn̤ico
|
| 310 |
|
|
|a Semestral
|
| 362 |
|
|
|a Nm︢. 1 (2009) -
|
| 506 |
1 |
|
|a Contenido disponible en los productos indicados
|d vLex Global
|d vLex Global (Academic Edition, excluding Law Schools)
|d vLex Global (U.S. Academic Edition, Law Schools)
|d vLex Global (U.S. Academic Edition, excluding Law Schools)
|d vLex Global (Academic Edition, Law Schools)
|
| 650 |
0 |
4 |
|a Abogados
|z Latinoamřica
|
| 650 |
0 |
4 |
|a Derecho
|z Latinoamřica
|
| 740 |
0 |
|
|a vLex Revistas (Servicio en lƯ̕nea)
|
| 856 |
4 |
0 |
|u http://vlex.com/source/futuros-abogados-latinoamericanos-14756
|z Acceso restringido
|
| 942 |
|
|
|c REV
|
| 999 |
0 |
|
|a Lawyers
|
| 999 |
0 |
|
|a Law
|